banner koha

Receitas com brotos de soja (Registro n. 9365)

MARC details
000 -LÍDER
Campo de controle fixo 00873nam a22003257a 4500
001 - NÚMERO DE CONTROLE
Número de controle BR2023000690
003 - CÓDIGO MARC DA AGÊNCIA CATALOGADORA
Campo de controle BR-BrBNA
005 - DATA E HORA DA ÚLTIMA ATUALIZAÇÃO
Campo de controle 20230628105901.0
008 - CAMPO DE TAMANHO FIXO
Campo fixo de controle 230614b bl.||||| |||| 00| 0 por d
020 ## - ISBN - INTERNATIONAL STANDARD BOOK NUMBER
ISBN 978-85-7035-658-1
040 ## - FONTE DA CATALOGAÇÃO
Agência catalogadora BR-BrBNA
Idioma da catalogação por
041 ## - CÓDIGO DO IDIOMA
Código do Idioma por
072 ## - CATEGORIA AGRIS
Código da categoria de assunto Q02 ; Q04 ; S01
Código do objeto 0336
090 ## - NÚMERO DE CHAMADA
Número de Chamada 0336 BR2023000690
100 ## - ENTRADA PRINCIPAL - NOME PESSOAL
Nome pessoal Carrão-Panizzi, Mercedes Concórdia
100 ## - ENTRADA PRINCIPAL - NOME PESSOAL
Nome pessoal Oliveira, Marcelo Alvares
100 ## - ENTRADA PRINCIPAL - NOME PESSOAL
Nome pessoal Mandarino, José Marcos Gontijo
110 ## - ENTRADA PRINCIPAL - ENTIDADE
Nome da entidade ou lugar Embrapa Soja, Londrina, PR (Brazil)
245 ## - TÍTULO PRINCIPAL
Título principal Receitas com brotos de soja
260 ## - IMPRENTA (PUBLICAÇÃO, DISTRIBUIÇÃO, ETC.)
Lugar de publicação, distribuição, etc. Brasília, DF (Brazil)
Nome do editor, distribuidor, etc. Embrapa
Data de publicação, distribuição, etc 2016
300 ## - DESCRIÇÃO FÍSICA
Extensão 28 p.
500 ## - NOTA GERAL
Notas gerais 7 ref.; 5 illus.
650 ## - ASSUNTO - THESAGRO
Cabeçalho tópico ou nome geográfico SOJA
650 ## - ASSUNTO - THESAGRO
Cabeçalho tópico ou nome geográfico LEGUMINOSA
650 ## - ASSUNTO - THESAGRO
Cabeçalho tópico ou nome geográfico BROTO DE SOJA
650 ## - ASSUNTO - THESAGRO
Cabeçalho tópico ou nome geográfico NUTRIÇÃO HUMANA
650 ## - ASSUNTO - THESAGRO
Cabeçalho tópico ou nome geográfico RECEITA
909 ## - IDENTIFICAÇÃO DO CATALOGADOR
Ano e mês da catalogação (aaaamm) 202306
Identificação do catalogador Fernando
942 ## - TIPO ESPECÍFICO
Tipo de material Livros
952 ## - LOCATION AND ITEM INFORMATION (KOHA)
-- 2023-06-14
Exemplares
Status de empréstimo Fonte de classificação Status de danificação Não pode ser emprestado Código da coleção Localização permanente Localização atual Localização na estante Total Checkouts Número de chamada Código de barras Tipo de material
  Classificação AGRIS     Agrobase Biblioteca Nacional de Agricultura - Binagri Biblioteca Nacional de Agricultura - Binagri Agrobase - Acervo Geral   0336 BR2023000690 2023-435746 Livros

BINAGRI

Telefone: (61)3218-2567/2388/3357/2097 - binagri@agro.gov.br

Ministério da Agricultura e Pecuária , Esplanada dos Ministérios, Bloco D, Anexo B, Brasília/DF, CEP: 70.043-900